01360naa a2200181 a 450000100080000000500110000800800410001910000250006024500630008526000090014852007830015765300160094065300110095665300110096765300180097865300130099677301690100911207932014-05-05 1995 bl uuuu u00u1 u #d1 aGON??ALVES, P. A. S. aControle de pragas e poliniza????o.h[electronic resource] c1995 aNa fase de produ????o de sementes de cebola os preju??zos com pragas n??o s??o frequentes. A principal praga ?? o tripes, Thrips tabaci. Lind. A ocorr??ncia de tripes s??o os meses de outubro e novembro em Santa catarina em per??odos quentes e secos. O manejo com inseticidas de grupos qu??micos diferentes ?? importante no manejo do inseto para evitar resist??ncia. A lagarta rosca, Agrotis spp., pode ocorrer com corte de plantas rente ao solo em per??odo noturno. Caso necess??rio o controle qu??mico de lagarta rosa deve ser feito no final da tarde com inseticidas aplicados com bico tipo leque. A aplica????o de inseticidas na fase de produ????o de sementes de cebola deve ser eviatda e se necess??rio ser criteriosa para se evitar a destrui????o de insetos polinizadores. aAllium cepa acebola ainseto apoliniza????o asementes tIn: ENCONTRO T??CNICO SOBRE SISTEMA DE PRODU????O DE SEMENTES DE CEBOLA EM SANTA CATARINA, 1., 1993, Ituporanga, SC. Anais... Ituporanga, SC: Epagr, 1995. p. 47-48.